000 00612nam a2200229Ia 4500
003 OSt
005 20221007081807.0
006 a|||||r|||| 00| 0
007 ta
008 221006b |||||||| |||| 00| 0 eng d
024 _a8,778
037 _cTextual
040 _aFLL
_cFLL
_beng
041 _2eng
_aeng
082 _aZ(Q7), P6
100 _aWilliams R.V. Au.
_9698056
245 0 _aPostcolonial politics and personal laws
260 _aOxford
_bUniversity press Oxford
_c2006
300 _a214p
_ccm.
942 _hZ(Q7), P6
_cTEXL
_2CC
999 _c1164291
_d1164291